| 000 | 04274nam0a2200493 4500 | ||
|---|---|---|---|
| 001 | RU\NLR\BIBL_A\011960860 | ||
| 005 | 20250809113239.0 | ||
| 020 |
_aRU _9Ленинград в Великой Отечественной войне. Коллекция. Афиши |
||
| 035 | _a(NLR Aleph) 011960860 | ||
| 090 |
_a67783 _c67783 |
||
| 100 | _a20190315d1944 u y0rusy50 ca | ||
| 101 | 0 | _arus | |
| 102 | _aRU | ||
| 105 | _ay z 000zy | ||
| 135 | _acrcn 024anaba | ||
| 200 | 1 |
_aСпектакль-концерт Ансамбля водевиля и оперетты под худож. руков. и при участии Н.Н. Радошанского, [1944 г. _eафиша] _fУправление по делам искусств Исполкома Ленгорсовета, Ленинградская государственная областная филармония |
|
| 210 |
_a[Ленинград] _cДТ УН-9 _d[1944] |
||
| 215 |
_a1 л. _d39х54 |
||
| 300 | _aНачало в часов. Билеты по руб. | ||
| 300 | _aЗак. 447 | ||
| 325 | _aКопия доступна в Электрон. б-ке РНБ | ||
| 327 | _aБразильская жемчужина: оперетта в 1 действии, муз. Ружицкого.Текст В. Чулисова. Танцы и постановка К. Огаревой. Постан. Н. Радошанского. Роли исполняют: студенты: Бабса В. Чулисов; Энни Н. Маклецкая; Джекки К. Мацелевич; Бетти - невеста Джекки З. Квятковская, Е. Миленко; Кригса - судьи, опекуна Бетти Н. Радошанский; Розы д'Альвадорец - тетки Джекки К. Огарева. Зав. муз. частью В. Коркунов. Спичка между двух огней: водевиль в 1 действии. Текст Лябиша. Музыка К.М. Аренкова. Роли исполняют: Флоретты В. Маклецкая; Жоржины Е. Миленко; Бажёзе В. Чулисов. Перевод и постановка В. Чулисова. Немая жена: водевиль в 1 действии. А. Франс. Роли исполняют: Судьи Н. Радошанский. Его жены К. Огарева. Постановка Н. Радошанского. В спектакле-концерте участвуют: Квятковская З., Коркунов В., Магидей А. [и др.]. Уполномоченный К.И. Мацелевич. Директор Филармонии Е.С. Крашинский. Художеств. руков. Филармонии (засл. арт. РСФСР) Г.А. Авлов | ||
| 606 | 1 |
_aТеатральная жизнь _yЛенинград, город _z1941 - 1944 _jАфиши _2nlr_sh2 _3RU\NLR\AUTH\6601649837 |
|
| 686 | _aЩ333(2Р=Рус)7- 692Ленинград | ||
| 702 | 1 |
_aРадошанский _bН.Н. _f1887-1963 _gНиколай Николаевич _4005 |
|
| 710 | 0 | 2 |
_aАнсамбль водевиля и оперетты _cЛенинград _3RU\NLR\AUTH\880497138 |
| 712 | 0 | 2 |
_aЛенинградская государственная областная филармония _3RU\NLR\AUTH\880358660 _4570 |
| 852 |
_aNLR _jЛ3-330а/34/1/[1944]/1 |
||
| 856 | 0 | _uhttp://vivaldi.nlr.ru/la700000060/view | |
| 856 | 1 | _uhttp://vivaldi.nlr.ru/la700000060/cover | |
| 856 | 2 | _uhttp://vivaldi.nlr.ru/la700000060/text | |
| 942 | _cVISUAL | ||
| 945 | _aРоссийская национальная библиотека | ||
| 980 | _aNB | ||
| 980 | _aBV | ||
| 980 | 3 | _akplen | |
| 980 | 3 | _akp | |
| 981 | 3 | 7 |
_a(37) Ленинград в Великой Отечественной войне _b(37) Афиши блокадного Ленинграда |